[Event "GER-ch Seniors 22nd"]
[Site "Berlin"]
[Date "2010.08.23"]
[Round "8"]
[White "Wegmann, Bernard"]
[Black "Fischer, Paul"]
[Result "0-1"]
[WhiteElo "1513"]
[BlackElo "1713"]
[PlyCount "44"]
[EventDate "2010.08.16"]
[EventType "swiss"]
[EventRounds "9"]
[EventCountry "GER"]
[SourceTitle "CBM 138 Extra"]
[Source "ChessBase"]
[SourceDate "2010.10.29"]
[SourceVersion "1"]
[SourceVersionDate "2010.10.29"]
[SourceQuality "1"]

1. e4 g6 2. d4 Bg7 3. Nc3 c6 4. Nf3 d5 5. e5 Nh6 6. Bd3 f6 7. Bf4 Nf7 8. exf6 exf6 9. 0-0 0-0 10. Re1 Bg4 11. h3 Bxf3 12. Qxf3 Qb6 13. Rad1 Qxb2 14. Ne2 Qb4 15. Rb1 Qa5 16. Qg3 Na6 17. c3 b5 18. Bd6 Rfe8 19. Nf4 Nxd6 20. Nxg6 Rxe1+ 21. Rxe1 hxg6 22. Qxg6 Ne4 0-1

[Event "GER-ch Seniors 22nd"]
[Site "Berlin"]
[Date "2010.08.21"]
[Round "6"]
[White "Wegmann, Bernard"]
[Black "Scholtyssek, Werner"]
[Result "1/2-1/2"]
[WhiteElo "1513"]
[BlackElo "1623"]
[PlyCount "98"]
[EventDate "2010.08.16"]
[EventType "swiss"]
[EventRounds "9"]
[EventCountry "GER"]
[SourceTitle "CBM 138 Extra"]
[Source "ChessBase"]
[SourceDate "2010.10.29"]
[SourceVersion "1"]
[SourceVersionDate "2010.10.29"]
[SourceQuality "1"]

1. e4 e5 2. Nf3 Nc6 3. Bb5 d6 4. 0-0 Nf6 5. Re1 a6 6. Ba4 Bd7 7. c3 b5 8. Bb3 Na5 9. Bc2 c5 10. d4 Bg4 11. d5 Be7 12. h3 Bd7 13. b3 0-0 14. Nbd2 Qc8 15. Kh2 g6 16. Nf1 Nh5 17. Bh6 Ng7 18. Ng3 f6 19. Bxg7 Kxg7 20. Qd2 c4 21. b4 Nb7 22. Rg1 a5 23. Ne2 f5 24. exf5 gxf5 25. Ng5 h6 26. Nf3 Qd8 27. Ng3 Rf7 28. Nh5+ Kh8 29. Ng3 Bg5 30. Qe2 Bf4 31. Kh1 axb4 32. cxb4 e4 33. Nd4 Ra3 34. Ne6 Bxe6 35. dxe6 Rf6 36. Nh5 Be5 37. Nxf6 Qxf6 38. Qh5 Qxe6 39. g4 f4 40. Bxe4 Nd8 41. Rad1 Kg7 42. Bf5 Qf6 43. g5 hxg5 44. Rxg5+ Kf8 45. Rg6 Qh8 46. Rh6 Qg8 47. Bd7 Qf7 48. Qg4 Qg7 49. Qf5+ Qf7 1/2-1/2

[Event "GER-ch Seniors 22nd"]
[Site "Berlin"]
[Date "2010.08.20"]
[Round "5"]
[White "Bartle, Georg"]
[Black "Wegmann, Bernard"]
[Result "1/2-1/2"]
[WhiteElo "1678"]
[BlackElo "1513"]
[PlyCount "92"]
[EventDate "2010.08.16"]
[EventType "swiss"]
[EventRounds "9"]
[EventCountry "GER"]
[SourceTitle "CBM 138 Extra"]
[Source "ChessBase"]
[SourceDate "2010.10.29"]
[SourceVersion "1"]
[SourceVersionDate "2010.10.29"]
[SourceQuality "1"]

1. b4 d5 2. Bb2 Nf6 3. e3 Bf5 4. c4 e6 5. a3 Nbd7 6. Nf3 c6 7. d3 Bd6 8. c5 Bc7 9. d4 0-0 10. Be2 Re8 11. Ne5 Nxe5 12. dxe5 Nd7 13. f4 Qh4+ 14. g3 Qe7 15. 0-0 h6 16. Nd2 a5 17. Bg4 Bd3 18. Re1 Bh7 19. e4 Rad8 20. exd5 cxd5 21. Bd4 Nb8 22. b5 Rc8 23. Qa4 Nd7 24. Rac1 b6 25. c6 Nc5 26. Bxc5 bxc5 27. Qd1 c4 28. a4 Bb6+ 29. Kg2 Qb4 30. Be2 Be3 31. Nxc4 dxc4 32. Rxc4 Qb2 33. Kh3 Bb6 34. Bd3 Bxd3 35. Qxd3 Red8 36. Qc2 Qa3 37. Rd1 Qf3 38. Rxd8+ Rxd8 39. c7 Rc8 40. Rc6 Qf1+ 41. Kh4 g5+ 42. fxg5 hxg5+ 43. Kxg5 Be3+ 44. Kg4 Kh8 45. Kh4 Kg7 46. Kg4 Kh8 1/2-1/2

[Event "GER-ch Seniors 22nd"]
[Site "Berlin"]
[Date "2010.08.17"]
[Round "2"]
[White "Wegmann, Bernard"]
[Black "Kolkwitz, Klaus"]
[Result "0-1"]
[WhiteElo "1513"]
[BlackElo "1742"]
[PlyCount "88"]
[EventDate "2010.08.16"]
[EventType "swiss"]
[EventRounds "9"]
[EventCountry "GER"]
[SourceTitle "CBM 138 Extra"]
[Source "ChessBase"]
[SourceDate "2010.10.29"]
[SourceVersion "1"]
[SourceVersionDate "2010.10.29"]
[SourceQuality "1"]

1. e4 d6 2. d4 Nf6 3. Nc3 g6 4. Be2 Nc6 5. Nf3 Bg7 6. 0-0 0-0 7. Be3 Ng4 8. Qd2 Nxe3 9. Qxe3 e5 10. dxe5 Nxe5 11. Nxe5 Bxe5 12. f4 Bg7 13. Rad1 c6 14. Kh1 Qe7 15. Qg3 Bxc3 16. bxc3 Qxe4 17. Bd3 Qe6 18. h3 f5 19. Rfe1 Qf6 20. Re2 Bd7 21. Rde1 Rae8 22. h4 Rxe2 23. Rxe2 Re8 24. Rd2 Qxc3 25. Rd1 Qf6 26. h5 Be6 27. a4 Bd5 28. Rb1 c5 29. Bb5 Re7 30. Rd1 Be4 31. Bc4+ Kg7 32. Bb3 Bc6 33. a5 Re2 34. Bd5 Bxd5 35. Rxd5 Qa1+ 36. Kh2 Re1 37. h6+ Kf7 38. Qf2 Ke6 39. Rd3 Rh1+ 40. Kg3 Kd7 41. Rb3 Kc6 42. Qf3+ d5 43. Rd3 Qf6 44. Kf2 Qh4+ 0-1